Η έννοια της ηγεμονίας στο Γκράμσι : πτυχιακή εργασία

Αποθηκεύτηκε σε:
Λεπτομέρειες βιβλιογραφικής εγγραφής
Κύριος συγγραφέας: Ψυλλάκη, Ελένη
Συγγραφή απο Οργανισμό/Αρχή: Πανεπιστήμιο Αιγαίου Σχολή Κοινωνικών Επιστημών Τμήμα Κοινωνιολογίας
Μορφή: Thesis Βιβλίο
Γλώσσα:Greek
Δημοσίευση: 2013
Θέματα:
Διαθέσιμο Online:http://hdl.handle.net/11610/7610
Ετικέτες: Προσθήκη ετικέτας
Δεν υπάρχουν, Καταχωρήστε ετικέτα πρώτοι!

MARC

LEADER 00000cam a2200000 i 4500
001 1/54257
008 140829s2013 gre d
035 |l 10118812 
040 |a GR-MY-UA  |b gre  |e aacr 
041 0 |a gre 
082 0 |a 320  |2 (22) 
100 1 |a Ψυλλάκη, Ελένη. 
245 1 2 |a Η έννοια της ηγεμονίας στο Γκράμσι :  |b πτυχιακή εργασία /  |c Ψυλλάκη Ελένη ; [επιβλέπων καθηγητής: Σωτήρης Παναγιώτης] 
260 |c 2013 
300 |a 47 σ.;  |c 30 εκ. 
500 |a Βιβλιογραφία: σ. 47 
502 |a Πτυχιακή εργασία – Πανεπιστήμιο Αιγαίου, Λέσβος, 2013. 
600 1 0 |a Gramsci, Antonio,   |d 1891-1937. 
650 0 0 |a Political science  |x Philosophy. 
650 0 0 |a Dissertations, Academic  |z Greece. 
700 1 |a Σωτήρης, Παναγιώτης Γ.  |e dgs 
710 2 |a Πανεπιστήμιο Αιγαίου  |b Σχολή Κοινωνικών Επιστημών  |b Τμήμα Κοινωνιολογίας. 
852 |a INST  |b LESVOS  |c DIATR  |e 20140829  |h 463  |p 005100055404  |q 005100055404  |t DIE  |y 23 
852 |a INST  |b LESVOS  |c DIATR  |e 20140829  |h 464  |p 005100055405  |q 005100055405  |t DIE  |y 23 
856 |u http://hdl.handle.net/11610/7610 
901 |a BIBL1-2014-2 
909 |a Λ  |b 190369 
909 |a Λ  |b 190370 
924 |a ΨΥΛΛΑΚΗ  |b ΕΛΕΝΗ  |y ΛΕΣΒΟΣ  |z 2013-08 
970 |a ΤΖΑΦΕΡΗ  |b ΕΥΑΓΓΕΛΙΑ  |z 2014/08/29